00825nam a22001815i 4500001000700000003000900007005001700016008004100033040002000074100003200094245016700126260007800293300002100371500009100392500001900483700003500502852010600537163921ES-MaACL20231229063048.0050722s1898 sp | |||||||| ||spa d aCAM bspa cCAM1 aRomea, Julián,d1813-186813aEl Señor Joaquín b: comedia lírica en un acto y tres cuadros, en prosa / coriginal de Julián Romea ; música del maestro Manuel Fernández Caballero. aMadrid : b[Administración Lírico-Dramática], c1898 (fR. Velasco) a47 p. ; c19 cm. aRepresentada en el Teatro de la Zarzuela de Madrid la noche del 18 de febrero de 1898. aSolo la letra.1 aFernández Caballero, Manuel. aES-MaACLjD-2525(10) z-- Enc. hol., conservando la cub. original z-- Legado de Modesto de La Fuente